Elementary forestry (Record no. 40072)

MARC details
000 -LEADER
fixed length control field 00351nam a2200145Ia 4500
082 ## - DEWEY DECIMAL CLASSIFICATION NUMBER
Classification number 630
Item number COL
100 ## - MAIN ENTRY--AUTHOR NAME
Personal name COLLINS, B McManus
245 #0 - TITLE STATEMENT
Title Elementary forestry
260 ## - PUBLICATION, DISTRIBUTION, ETC. (IMPRINT)
Place of publication Virginia
Name of publisher Reston
Year of publication 1981
650 ## - SUBJECT ADDED ENTRY--TOPICAL TERM
Topical Term Commercial trees
650 ## - SUBJECT ADDED ENTRY--TOPICAL TERM
Topical Term Forestry
700 ## - ADDED ENTRY--PERSONAL NAME
Personal name WHITE, Fred M
942 ## - ADDED ENTRY ELEMENTS (KOHA)
Koha item type Books
Holdings
Withdrawn status Lost status Damaged status Not for loan Home library Current library Date acquired Full call number Accession Number Koha item type
        RRII Library RRII Library 16/12/2021 630 COL 20387 Books